Introducción a la psicología ambiental

Gorde:
Xehetasun bibliografikoak
Egile nagusia: Jiménez Burillo, Florencio (Egilea)
Formatua: Liburua
Hizkuntza:gaztelania
Argitaratua: Madrid Alianza 1991
Saila:Alianza Psicología
Gaiak:
Etiketak: Etiketa erantsi
Etiketarik gabe, Izan zaitez lehena erregistro honi etiketa jartzen!

MARC

LEADER 00000nam a2200000 a 4500
001 UCW6805
003 CL-VaPUC
008 920520e19910000SP |||||||||||||||||spa|d
082 0 4 |a 155.9  |b JIM  |2 21 
100 |a Jiménez Burillo, Florencio  |e author  |9 337551 
245 1 0 |a Introducción a la psicología ambiental 
300 |a 474 p 
942 |c BK 
945 |d 19920520 00:00:00  |a rbrito 
260 |a Madrid  |b Alianza  |c 1991 
650 0 |a Medio ambiente  |9 257625 
650 7 |a HOMBRE  |2 CL-VaPUC  |9 262149 
650 0 |a Protección del medio ambiente  |9 257626 
650 0 |a Naturaleza humana   |9 308593 
583 |a last modification  |c 20130101 08:21:15  |k Rodrigo Vera 
490 0 |a Alianza Psicología 
999 |c 219739  |d 219737 
952 |0 0  |1 0  |4 0  |6 155_900000000000000_JIM_1991  |7 0  |8 A  |9 211002  |a BIBEDU  |b BIBEDU  |d 2019-11-15  |i 2792583  |o 155.9 JIM 1991  |p 2792583  |r 2019-11-15  |w 2019-11-15  |y BK  |k EDU 
952 |0 0  |1 0  |4 0  |6 155_900000000000000_JIM_1991  |7 0  |8 A  |9 211003  |a BIBING  |b BIBING  |d 2019-11-15  |i 2999935  |o 155.9 JIM 1991  |p 2999935  |r 2025-01-20  |w 2019-11-15  |y BK  |k GEO